MARC

LEADER 00000nam0a2200000 4500
001 70076
005 20231031081018.0
035 |a (RuTPU)RU\TPU\book\74617 
090 |a 70076 
100 |a 20041111d1981 km y0rusy50 ca 
101 0 |a rus 
102 |a RU 
105 |a a z 001zy 
200 1 |a Методы борьбы с помехами в оптико-электронных приборах  |f Ю. Г. Якушенков, В. Н. Луканцев, М. П. Колосов 
210 |a Москва  |c Радио и связь  |d 1981 
215 |a 179 с.  |c ил. 
320 |a Библиогр.: с. 173-177. 
610 1 |a оптико-электронные приборы 
610 1 |a помехи 
610 1 |a естественные помехи 
610 1 |a оптические помехи 
610 1 |a сигналы 
675 |a 621.383  |v 3 
700 1 |a Якушенков  |b Ю. Г.  |g Юрий Григорьевич 
701 1 |a Луканцев  |b В. Н.  |g Виктор Никифорович 
701 1 |a Колосов  |b М. П.  |g Михаил Петрович 
801 1 |a RU  |b 63413507  |c 20041111  |g PSBO 
801 2 |a RU  |b 63413507  |c 20150608  |g PSBO 
942 |c BK